| 000 | 00816cam a2200253 a 4500 | ||
|---|---|---|---|
| 001 | 12021023 | ||
| 005 | 20171226065733.0 | ||
| 008 | 000525s2000 ctuab b 001 0 eng d | ||
| 010 | _a 99074551 | ||
| 020 | _a007236792X (alk. paper) | ||
| 035 | _a(OCoLC)ocm43462699 | ||
| 040 |
_aFVC _cFVC _dDLC |
||
| 041 | _aeng | ||
| 042 | _alccopycat | ||
| 080 | _a327 JOH | ||
| 082 | 0 | 0 |
_a327 JOH _221 |
| 100 | 1 | _a18 | |
| 101 | _aPOL | ||
| 245 | 1 | 0 |
_aWorld politics : _cJohn T. Rourke, Mark A. Boyer. |
| 504 | _aIncludes bibliographical references (p. 453-467) and index. | ||
| 906 |
_a7 _bcbc _ccopycat _d3 _encip _f19 _gy-gencatlg |
||
| 942 |
_2ddc _cBK |
||
| 999 |
_c39389 _d39389 |
||